[Event "Challenge"]
[Site "http://www.queenalice.com/game.php?id=515830"]
[Date "2009.1.1"]
[Round "-"]
[White "Enxadrista_A"]
[Black "Kabelosvic"]
[Result "1-0"]
[WhiteElo "1676"]
[BlackElo "1663"]

1. d4 d6 2. c4 g6 3. g3 Nf6 4. Bg2 Bg7 5. Nf3 c6 6. Nc3 Be6 7. b3 d5 8. O-O dxc4
9. Ng5 Bd5 10. Nxd5 Qxd5 11. Bxd5 Nxd5 12. bxc4 1-0

[Event "Challenge"]
[Site "http://www.queenalice.com/game.php?id=516646"]
[Date "2009.1.3"]
[Round "-"]
[White "Andrei_78"]
[Black "Kabelosvic"]
[Result "0-1"]
[WhiteElo "1580"]
[BlackElo "1715"]

1. e4 e5 2. d3 g6 3. Nf3 d6 4. h3 Bg7 5. d4 exd4 6. Nxd4 Nf6 7. Bd3 c5 8. Bb5+
Bd7 9. Bxd7+ Nbxd7 10. Nf3 Nxe4 11. O-O O-O 12. Re1 Ndf6 13. Ng5 Nxg5 14. Bxg5
Qb6 15. Bxf6 Bxf6 16. c3 Qxb2 17. Nd2 Bxc3 18. Nc4 Qxa1 19. Qxa1 Bxa1 20. Rxa1
Rfe8 21. Nxd6 Re2 22. Nxb7 Rae8 23. Kf1 Rc2 24. g4 Ree2 25. Nxc5 Rxf2+ 26. Ke1
Rf3 27. Rd1 Rxh3 28. Rd8+ Kg7 29. Kd1 Rxc5 30. Rd7 Ra5 31. Rd2 Rh1+ 32. Kc2
Rxa2+ 33. Kc3 Rh3+ 34. Kb4 Rxd2 35. g5 Rc2 36. Kb5 Rb3+ 37. Ka4 Rb8 38. Ka3 Kf8
0-1

[Event "Challenge_4"]
[Site "http://www.queenalice.com/game.php?id=519356"]
[Date "2009.1.8"]
[Round "-"]
[White "Tourniquet"]
[Black "Kabelosvic"]
[Result "1-0"]
[WhiteElo "1773"]
[BlackElo "1743"]

1. e4 d6 2. Nf3 Bg4 3. Be2 g6 4. O-O Bg7 5. d4 c5 6. d5 Qb6 7. c3 Nf6 8. Qa4+
Bd7 9. Qc2 O-O 10. Na3 e6 11. Nc4 Qc7 12. Ne3 exd5 13. Nxd5 Nxd5 14. exd5 Re8
15. Bf4 Bf5 16. Qd2 Nd7 17. Rfe1 c4 18. Nd4 Bxd4 19. Qxd4 Re4 20. Qd2 Rae8 21.
Bf3 Rxe1+ 22. Rxe1 Rxe1+ 23. Qxe1 Qb6 24. g4 Bd3 25. Qe8+ Nf8 26. Bh6 Qxb2 27.
Qxf8# 1-0

[Event "Challenge"]
[Site "http://www.queenalice.com/game.php?id=519923"]
[Date "2009.1.9"]
[Round "-"]
[White "sunking"]
[Black "Kabelosvic"]
[Result "0-1"]
[WhiteElo "1595"]
[BlackElo "1733"]

1. e4 d6 2. d4 g6 3. d5 Bg7 4. Bb5+ c6 5. dxc6 bxc6 6. Ba4 Nf6 7. f3 Na6 8.
Bxc6+ Bd7 9. Bxa8 Qxa8 10. Nc3 O-O 11. Nge2 Rc8 12. Nd5 Nxd5 13. exd5 Nb4 14. c3
Na6 15. O-O Nc7 16. c4 a5 17. Nf4 Qa6 18. b3 Bxa1 19. Re1 Re8 20. Re4 a4 21. b4
Qb6+ 22. c5 dxc5 23. a3 cxb4+ 24. Kf1 bxa3 25. Bxa3 Bf5 26. Rb4 Qa6+ 27. Kg1 Be5
28. h3 Qa7+ 29. Kh2 Qe3 30. Kg3 Qxa3 31. Qd2 Bc3 32. Qc2 Bxc2 33. Rc4 Qd6 34.
Rxc3 Nxd5 35. Rxc2 Qxf4+ 36. Kf2 Rb8 37. Rc5 Rb2+ 38. Kg1 Qg3 39. Rc8+ Kg7 40.
Rc1 Qxg2# 0-1

[Event "Challenge"]
[Site "http://www.queenalice.com/game.php?id=520424"]
[Date "2009.1.10"]
[Round "-"]
[White "Noyender"]
[Black "Kabelosvic"]
[Result "1-0"]
[WhiteElo "1765"]
[BlackElo "1726"]

1. e4 d6 2. d4 g6 3. c4 Nf6 4. Nc3 Bg7 5. Nf3 Bg4 6. Be2 Bxf3 7. Bxf3 a6 8. O-O
O-O 9. Re1 Nbd7 10. Bg5 c5 11. dxc5 Nxc5 12. Nd5 Nxd5 13. exd5 Qc7 14. Rxe7 Qb6
15. Bf4 Na4 16. Qxa4 Qxb2 17. Rd1 Bd4 18. Re2 Qb6 19. Be3 Bxe3 20. Rxe3 Rac8 21.
h3 Rc5 22. Rb3 Qc7 23. Be2 Ra5 24. Qb4 Rxa2 25. Bf1 Re8 26. Qxb7 Qxb7 27. Rxb7
Re4 28. Rb6 Rxc4 29. Bxc4 1-0

[Event "Challenge"]
[Site "http://www.queenalice.com/game.php?id=526732"]
[Date "2009.1.21"]
[Round "-"]
[White "Kabelosvic"]
[Black "eduardofelix"]
[Result "0-1"]
[WhiteElo "1712"]
[BlackElo "1736"]

1. e4 e5 2. f4 f6 3. f5 d5 4. Qh5+ Ke7 5. Nc3 c6 6. b3 Qa5 7. a4 dxe4 8. Bc4 Nh6
9. Ba3+ Kd8 10. Bxf8 Rxf8 11. Nxe4 b5 12. Be6 Qb4 13. Nf3 Qxe4+ 14. Kf2 Bxe6 15.
fxe6 Qb4 16. axb5 cxb5 17. Ra2 Qe7 18. Rha1 a6 19. Re1 Nc6 20. Re3 Qxe6 21. d4
Ng4+ 22. Ke2 Nxe3 23. Kxe3 exd4+ 24. Kd2 h6 25. Qc5 Ke8 26. Qb6 Kf7 27. Rxa6
Rxa6 28. Qxa6 b4 29. Qb7+ Kg8 30. Nh4 Kh7 31. Nf3 Re8 32. Qb5 f5 33. Qd3 Qc8 34.
Nh4 g6 35. Qc4 Qe6 36. Nf3 Qe7 37. Qxc6 Qe3+ 38. Kd1 d3 39. Qd7+ Re7 40. Qc6 Ra7
41. Qxg6+ Kxg6 42. Nh4+ Kf6 43. Nxf5 Ra1# 0-1

[Event "AUTO-ADV-1235"]
[Site "http://www.queenalice.com/game.php?id=547027"]
[Date "2009.2.26"]
[Round "1"]
[White "orinto"]
[Black "Kabelosvic"]
[Result "0-1"]
[WhiteElo "1849"]
[BlackElo "1732"]

1. d4 d5 2. c4 Nf6 3. Nc3 e6 4. Nf3 Bb4 5. Bg5 Nc6 6. e3 Na5 7. cxd5 Qxd5 8.
Bxf6 gxf6 9. Be2 Bd7 10. O-O Bxc3 11. bxc3 Rg8 12. g3 O-O-O 13. c4 Nxc4 14. Bxc4
Qc6 15. Rc1 Qe4 16. Bd3 Qd5 17. e4 Qa5 18. d5 exd5 19. exd5 Bh3 20. Re1 Qxd5 21.
Be4 Qxa2 22. Qc2 Qxc2 23. Rxc2 f5 24. Rec1 fxe4 25. Rxc7+ Kb8 26. Ne5 Rd1+ 27.
Rxd1 Kxc7 28. Nxf7 Bg4 29. Rc1+ Kb6 30. Nd6 Rd8 31. Nxe4 a5 32. Rb1+ Kc6 33.
Rc1+ Kb5 34. Kg2 h5 35. h3 Bd7 36. Rd1 Bxh3+ 37. Kxh3 Rxd1 38. Nc3+ Kb4 39. Nxd1
a4 40. f4 a3 41. f5 a2 42. f6 a1=Q 43. f7 Qf6 0-1

[Event "AUTO-ADV-1235"]
[Site "http://www.queenalice.com/game.php?id=547028"]
[Date "2009.2.26"]
[Round "1"]
[White "Kabelosvic"]
[Black "orinto"]
[Result "1-0"]
[WhiteElo "1717"]
[BlackElo "1874"]

1. e4 c5 2. Bc4 e6 3. d3 Nc6 4. f4 Nf6 5. e5 d5 6. exd6 Bxd6 7. Nf3 O-O 8. O-O
a6 9. Nc3 Qc7 10. Ne2 b5 11. Bb3 Qb6 12. Be3 Qc7 13. Ng5 h6 14. Nh3 a5 15. a4 b4
16. Qe1 e5 17. Qg3 Ng4 18. f5 Nxe3 19. Qxe3 Nd4 20. f6 Bxh3 21. Qxh3 Nxe2+ 22.
Kh1 Nf4 23. Qg3 g5 24. Qg4 Qd8 25. Qf5 Rc8 26. g3 Ng6 27. Qxg6+ 1-0

[Event "AUTO-ADV-1235"]
[Site "http://www.queenalice.com/game.php?id=547045"]
[Date "2009.2.26"]
[Round "1"]
[White "Kabelosvic"]
[Black "black13"]
[Result "0-1"]
[WhiteElo "1728"]
[BlackElo "1841"]

1. e4 e5 2. f4 exf4 3. Nf3 Ne7 4. d4 Ng6 5. Bc4 Be7 6. O-O d6 7. Bxf7+ Kxf7 8.
Nc3 c6 9. b4 d5 10. Bxf4 dxe4 11. Ne5+ Nxe5 12. Qh5+ Kg8 13. Bxe5 Bf6 14. Nxe4
Nd7 15. Bxf6 Nxf6 16. Nxf6+ gxf6 17. Rf3 Qxd4+ 18. Kh1 Qxa1+ 0-1

[Event "AUTO-ADV-1235"]
[Site "http://www.queenalice.com/game.php?id=547046"]
[Date "2009.2.26"]
[Round "1"]
[White "black13"]
[Black "Kabelosvic"]
[Result "1-0"]
[WhiteElo "1910"]
[BlackElo "1741"]

1. e4 d6 2. d4 Nf6 3. Nc3 g6 4. Bf4 Bg7 5. Nf3 Bg4 6. Be2 O-O 7. Qd2 Nc6 8. d5
Bxf3 9. Bxf3 Na5 10. O-O c6 11. dxc6 Nxc6 12. Bh6 Bxh6 13. Qxh6 Nd4 14. Bd1 Qb6
15. Na4 Qc6 16. Nc3 Nxe4 17. Nxe4 Qxe4 18. Qd2 Rac8 19. c3 Nf5 20. Re1 Qh4 21.
Bc2 Rc5 22. b4 Rc4 23. Bxf5 gxf5 24. Rac1 Rfc8 25. Re3 e5 26. Qxd6 f4 27. Rf3
R8c6 28. Qxe5 Re6 29. Qb8+ Kg7 30. g3 fxg3 31. Rxg3+ Kh6 32. Qf8+ Kh5 33. Qxf7+
Rg6 34. Qxh7+ Rh6 35. Qf5+ Qg5 36. Qxg5# 1-0

[Event "AUTO-ADV-1235"]
[Site "http://www.queenalice.com/game.php?id=547047"]
[Date "2009.2.26"]
[Round "1"]
[White "Kabelosvic"]
[Black "iwanikow"]
[Result "1-0"]
[WhiteElo "1764"]
[BlackElo "1600"]

1. e4 e5 2. f4 exf4 3. Nf3 Be7 4. Bc4 Nf6 5. Bxf7+ Kxf7 6. e5 Nd5 7. d4 Rf8 8.
c4 Ne3 9. Bxe3 fxe3 10. O-O Kg8 11. Nc3 d6 12. Nd5 Bg5 13. Nxg5 Qxg5 14. Rxf8+
Kxf8 15. Qf3+ Kg8 16. Rf1 Nd7 17. Qf7+ Kh8 18. Qe8+ 1-0

[Event "AUTO-ADV-1235"]
[Site "http://www.queenalice.com/game.php?id=547048"]
[Date "2009.2.26"]
[Round "1"]
[White "iwanikow"]
[Black "Kabelosvic"]
[Result "0-1"]
[WhiteElo "1649"]
[BlackElo "1775"]

1. e4 d6 2. d3 e5 3. Be2 Nc6 4. Nf3 g6 5. O-O Bg7 6. Nc3 Nf6 7. Be3 O-O 8. Nd5
Nxd5 9. c4 Nxe3 10. fxe3 f5 11. exf5 Bxf5 12. e4 Bg4 13. c5 Bxf3 14. Bxf3 dxc5
15. Rc1 Qd4+ 16. Kh1 Bh6 17. Rc4 Qxb2 18. Qb3 Qxb3 19. axb3 b6 20. g3 Rad8 21.
Bg2 Rxf1+ 22. Bxf1 Rf8 23. Bg2 Rf2 24. h4 Rb2 25. Rc3 Nd4 26. b4 Bd2 27. Rc4
Rxb4 0-1

[Event "AUTO-INT-1109"]
[Site "http://www.queenalice.com/game.php?id=561050"]
[Date "2009.3.24"]
[Round "2"]
[White "QuinhoFogo"]
[Black "Kabelosvic"]
[Result "0-1"]
[WhiteElo "1781"]
[BlackElo "1773"]

1. e4 e5 2. Nf3 d6 3. d4 exd4 4. Qxd4 Nc6 5. Bb5 Nf6 6. e5 Nd7 7. Bxc6 bxc6 8.
Bg5 f6 9. exf6 gxf6 10. Qe3+ Qe7 11. Qxe7+ Bxe7 12. Bh6 Ba6 13. Nc3 Rb8 14.
O-O-O Rg8 15. g4 Kf7 16. Nh4 Rxg4 17. Nf3 Bf8 18. Bxf8 Nxf8 19. Rhg1 Rf4 20. Rg3
d5 21. Rd4 Rf5 22. Ra4 Bf1 23. Rxa7 Ne6 24. h4 Nf4 25. Rxc7+ Kf8 26. Ne1 Nh5 27.
Rg1 Rxf2 28. Rxh7 Re8 29. Rh8+ Kf7 30. Rxe8 Kxe8 31. Rg8+ Kd7 32. Rh8 Nf4 33. h5
Bh3 34. Rh7+ Ke6 35. Nd3 Nxd3+ 36. cxd3 Bf5 37. Rh8 Bxd3 38. h6 d4 39. Re8+ Kf7
40. Rd8 c5 41. a4 Rh2 42. Nd5 Rxh6 43. a5 Bc4 44. Nc7 Ke7 45. Rb8 f5 46. a6 Bxa6
47. Nd5+ Kd7 48. Rf8 Bd3 49. Kd2 Be4 50. Nf4 c4 51. Rf7+ Kc6 52. Rf8 Rh2+ 53.
Ne2 d3 54. Rf6+ Kb5 55. Re6 Rxe2+ 56. Kd1 Rxb2 57. Re8 Ka4 58. Ra8+ Kb3 59. Rb8+
Kc3 60. Rxb2 Kxb2 61. Kd2 c3+ 0-1

[Event "AUTO-INT-1109"]
[Site "http://www.queenalice.com/game.php?id=561051"]
[Date "2009.3.24"]
[Round "2"]
[White "Kabelosvic"]
[Black "QuinhoFogo"]
[Result "0-1"]
[WhiteElo "1789"]
[BlackElo "1774"]

1. e4 e5 2. f4 exf4 3. Nf3 Nf6 4. Nc3 Bc5 5. d4 Bb4 6. e5 Qe7 7. Bxf4 Bxc3+ 8.
bxc3 O-O 9. Bd3 d6 10. O-O Bg4 11. exf6 Qxf6 12. Bxh7+ Kxh7 13. Ng5+ Qxg5 14.
Qd3+ Qg6 15. Qb5 b6 16. Qd5 Na6 17. Qb7 Bc8 18. Qxa8 Qxc2 19. Rf3 Re8 20. Raf1
Qxa2 21. Qc6 Re2 22. Rh3+ Bxh3 23. gxh3 Nb8 24. Qf3 g6 25. Bg3 a5 26. Rf2 Rxf2
27. Bxf2 Qb1+ 28. Kg2 Qf5 29. Qb7 Qg5+ 30. Kf1 Qc1+ 31. Kg2 Nd7 32. Qxc7 Qg5+
33. Kf1 Qf5 34. Qxd6 a4 35. d5 Qxh3+ 36. Ke2 b5 37. Qb4 Qh5+ 38. Kf1 Qxd5 39.
Qh4+ Qh5 40. Qe7 Qh3+ 41. Kg1 Qg4+ 42. Bg3 Qd1+ 43. Kg2 Qd5+ 44. Kh3 Qe6+ 45.
Qxe6 fxe6 46. Bd6 Nf6 47. Kh4 Ne4 48. Bb4 e5 49. Kg4 Nf2+ 50. Kf3 Nd1 51. Ke4
Nb2 52. Bd6 Nc4 53. Bb4 a3 54. Bxa3 Nxa3 55. Kxe5 Nb1 56. Kd4 Kh6 57. Kd3 g5 58.
Kc2 Na3+ 59. Kb3 Nc4 60. Kb4 Nd6 61. Kc5 Ne4+ 62. Kd4 Nf6 63. Kc5 Ne4+ 64. Kd4
Nf2 65. Kc5 Ne4+ 66. Kd4 Nf6 67. Kc5 Ne4+ 68. Kd4 Nxc3 69. Kxc3 Kh5 0-1

[Event "Challenge"]
[Site "http://www.queenalice.com/game.php?id=566123"]
[Date "2009.4.3"]
[Round "-"]
[White "Kabelosvic"]
[Black "knight401"]
[Result "1-0"]
[WhiteElo "1772"]
[BlackElo "1322"]

1. e4 e5 2. f4 exf4 3. Nf3 d6 4. d4 a6 5. Bxf4 Bg4 6. Bc4 Nd7 7. Nc3 Qf6 8. Bg5
Bxf3 9. Qxf3 Qxf3 10. gxf3 Ngf6 11. O-O-O Be7 12. e5 dxe5 13. dxe5 Nxe5 14. Rhe1
Nxc4 15. Bxf6 gxf6 16. Nd5 Ne5 17. Nxc7+ Kf8 18. Nxa8 Nxf3 19. Re2 Kg7 20. Rxe7
1-0

[Event "game 2"]
[Site "http://www.queenalice.com/game.php?id=570463"]
[Date "2009.4.11"]
[Round "-"]
[White "Kabelosvic"]
[Black "knight401"]
[Result "1-0"]
[WhiteElo "1774"]
[BlackElo "1421"]

1. e4 e5 2. f4 Nf6 3. Nc3 d5 4. fxe5 Nxe4 5. Nf3 Nxc3 6. dxc3 Be7 7. Bd3 O-O 8.
O-O Nc6 9. Bf4 Re8 10. Qe1 Bg4 11. Qg3 Bxf3 12. Rxf3 Bc5+ 13. Kh1 Bb6 14. Raf1
Qd7 15. Bh6 g6 16. Rxf7 1-0

[Event "game 3"]
[Site "http://www.queenalice.com/game.php?id=570886"]
[Date "2009.4.12"]
[Round "-"]
[White "knight401"]
[Black "Kabelosvic"]
[Result "0-1"]
[WhiteElo "1572"]
[BlackElo "1776"]

1. e4 d6 2. Nc3 e5 3. d3 g6 4. h3 Bg7 5. Nf3 b6 6. Be3 Bb7 7. d4 exd4 8. Nxd4 c5
9. Nf3 Nf6 10. Bg5 O-O 11. Be2 Qd7 12. Rb1 Nxe4 13. Nxe4 Bxe4 14. O-O Nc6 15.
Re1 Nb4 16. Bd3 Bxd3 17. cxd3 Qb5 18. Be7 Nxd3 19. Re3 Nxb2 20. Qxd6 Rfe8 21.
Ng5 Qa4 22. Qd5 Qf4 23. Qd7 Bd4 24. Re4 Qxf2+ 25. Kh2 Be5+ 26. Rxe5 Qf4+ 27. Kg1
Qxe5 0-1

[Event "game 4"]
[Site "http://www.queenalice.com/game.php?id=575290"]
[Date "2009.4.21"]
[Round "-"]
[White "Kabelosvic"]
[Black "knight401"]
[Result "0-1"]
[WhiteElo "1797"]
[BlackElo "1651"]

1. e4 e5 2. Nf3 Nc6 3. Nc3 Nf6 4. Bc4 h6 5. O-O Be7 6. Bxf7+ Kxf7 7. d3 d6 8. h3
Be6 9. Ne2 Qd7 10. d4 exd4 11. Nexd4 Rhf8 12. Nh4 Nxe4 13. Qh5+ Kg8 14. Bxh6
Bxh4 15. Qg6 Nxd4 16. Qxe4 Nf5 17. Bf4 c6 18. b3 Rae8 19. Qb4 Ne7 20. Bxd6 Bxf2+
21. Rxf2 Rxf2 22. Kxf2 Nd5 23. Qc5 b6 24. Qa3 c5 25. Bg3 Nc3 26. Re1 Qd2+ 27.
Kf1 Qxc2 28. Qxa7 Nxa2 29. Qxb6 Qxb3 30. Qa6 Bc4+ 31. Qxc4+ Qxc4+ 32. Kf2 Rxe1
33. Kxe1 Qd3 0-1